J. Niemiecki - medycyna - Statystyki

Ogólne statystyki
  • Ten quiz został rozwiązany 40 razy
  • Średni wynik to 5 z 16
Statystyki odpowiedzi
Polski Niemiecki % Poprawnych
lekarz der Arzt
92%
szpital das Krankenhaus
65%
iść do lekarza zum Arzt gehen
65%
e-recepta E-Rezept
46%
pielęgniarka die Krankenschwester
35%
kod der Code
31%
informować o informieren über
31%
kontaktować się kontaktieren
27%
iść do gabinetu lekarskiego in eine Arztpraxis gehen
19%
otrzymywać e-receptę ein E-Rezept bekommen
15%
kontaktować się z lekarzemprzez internet einen Arzt per Internetkontaktieren
12%
wystawiać e-receptę ein E-Rezept ausstellen
12%
konsultacja przez internet die Onlinesprechstunde
8%
przychodnia die Poliklinik
8%
iść do przychodni in eine Poliklinik gehen
8%
uzgadniać termin wizyty lekarskiej einen Termin bei einem Arzt vereinbaren
4%
Nie znaleziono quizów pasujących do podanych kryteriów
Rozkład punktacji
Procent ludzi z każdym wynikiem
Percentyl według liczby udzielonych odpowiedzi
Twoja historia wyników
Nie rozwiązałeś tego quizu